[Event "Mem. V. Mencikove"]
[Site "Prague"]
[Date "2016.09.18"]
[Round "6.5"]
[White "Vykouk, Jan"]
[Black "Pulpan, Jakub"]
[Result "0-1"]
[WhiteElo "2254"]
[BlackElo "2411"]
[PlyCount "158"]
[EventDate "2016.09.18"]
[EventType "swiss (rapid)"]
[EventRounds "9"]
[EventCountry "CZE"]

1. e4 c5 2. Nf3 d6 3. d4 cxd4 4. Nxd4 Nf6 5. Nc3 a6 6. Bg5 e6 7. f4 h6 8. Bh4
Qb6 9. Qd2 Qxb2 10. Rb1 Qa3 11. e5 dxe5 12. fxe5 Nfd7 13. Ne4 Qxa2 14. Rd1 Qd5
15. Qe3 Qxe5 16. Be2 Bc5 17. Bg3 Bxd4 18. Rxd4 Qa5+ 19. Rd2 O-O 20. Bd6 Rd8 21.
g4 Nc6 22. g5 hxg5 23. Rg1 g4 24. Rxg4 f5 25. Rxg7+ Kxg7 26. Qg5+ Kh7 27. Qh5+
Kg7 28. Ng5 Nde5 29. Qh7+ Kf6 30. Qh6+ Ng6 31. Nh7+ Kf7 32. Ng5+ Kf6 33. Bh5
Qxd2+ 34. Kxd2 Rxd6+ 35. Ke1 Nce7 36. Nh7+ Ke5 37. Qe3+ Kd5 38. Bf3+ Kc4 39.
Qb3+ Kd4 40. Qd3+ Kc5 41. Qa3+ Kb6 42. Qxd6+ Nc6 43. Nf6 Nge5 44. Bxc6 Nxc6 45.
h4 a5 46. h5 a4 47. Qa3 Kc7 48. h6 Bd7 49. Nxd7 Kxd7 50. h7 Rh8 51. Qh3 Nd8 52.
Qh6 Nf7 53. Qg7 Ke7 54. Kd1 f4 55. Ke2 a3 56. Qc3 Rxh7 57. Qxa3+ Kf6 58. Qb2+
Ne5 59. Qb4 Rh2+ 60. Kf1 Kf5 61. Qxb7 f3 62. Qa8 Kf4 63. Qf8+ Kg3 64. Qg7+ Ng4
65. Ke1 Rh1+ 66. Kd2 f2 67. Qc3+ Kg2 68. Qc6+ Kh2 69. Qc7+ e5 70. Qh7+ Kg1 71.
Qa7 Kh2 72. Qh7+ Kg2 73. Qb7+ Kg1 74. Qa7 Kh2 75. Qh7+ Kg1 76. Qa7 Kh2 77. Qh7+
Kg1 78. Qa7 Rh3 79. Qa1+ f1=Q 0-1

[Event "Mem. V. Mencikove"]
[Site "Prague"]
[Date "2016.09.18"]
[Round "6.6"]
[White "Neuman, Petr"]
[Black "Rous, Daniel"]
[Result "1/2-1/2"]
[WhiteElo "2408"]
[BlackElo "2150"]
[PlyCount "47"]
[EventDate "2016.09.18"]
[EventType "swiss (rapid)"]
[EventRounds "9"]
[EventCountry "CZE"]

1. c4 Nf6 2. Nc3 c5 3. Nf3 g6 4. d4 cxd4 5. Nxd4 Bg7 6. e4 O-O 7. Be2 d6 8. O-O
Nc6 9. Be3 Nd7 10. Nb3 b6 11. Qd2 Nc5 12. Nd4 Bb7 13. Nxc6 Bxc6 14. f3 Na4 15.
Nxa4 Bxa4 16. Rac1 Bd7 17. Bd3 Qc7 18. b3 Qb7 19. Rc2 Rfd8 20. Qf2 e6 21. Rfc1
Rac8 22. Bf1 d5 23. cxd5 exd5 24. Rxc8 1/2-1/2

[Event "Mem. V. Mencikove"]
[Site "Prague"]
[Date "2016.09.18"]
[Round "6.7"]
[White "Pribyl, Josef"]
[Black "Vlasak, Lukas"]
[Result "1/2-1/2"]
[WhiteElo "2247"]
[BlackElo "2395"]
[PlyCount "136"]
[EventDate "2016.09.18"]
[EventType "swiss (rapid)"]
[EventRounds "9"]
[EventCountry "CZE"]

1. d4 Nf6 2. Nf3 e6 3. g3 b5 4. Bg2 Bb7 5. O-O c5 6. c3 Be7 7. dxc5 Bxc5 8. b4
Be7 9. a4 bxa4 10. Qxa4 O-O 11. Rd1 Qc8 12. Be3 d5 13. Qa2 a6 14. Qb3 Nbd7 15.
Na3 Rd8 16. Rac1 a5 17. Bd4 Qb8 18. Qb2 e5 19. Be3 axb4 20. cxb4 d4 21. Bd2 Nb6
22. e3 Na4 23. Qa1 dxe3 24. fxe3 Bxf3 25. Bxf3 e4 26. Bg2 Rd3 27. Nc2 Nc3 28.
Qxc3 Rxc3 29. Bxc3 h5 30. Nd4 Qb7 31. Nf5 Ra2 32. Nxe7+ Qxe7 33. b5 h4 34. Bxf6
Qxf6 35. Rc8+ Kh7 36. Bxe4+ g6 37. Rf1 Qe6 38. Rc2 Rxc2 39. Bxc2 Qxe3+ 40. Kg2
Qd2+ 41. Rf2 h3+ 42. Kf3 Qd5+ 43. Kg4 Qh5+ 44. Kf4 Qxb5 45. g4 Qc4+ 46. Kg3
Qc3+ 47. Kh4 Qe1 48. Kg3 Kh6 49. Bd3 Kg5 50. Bf1 Qe3+ 51. Rf3 Qg1+ 52. Kxh3 f6
53. Bg2 Qe1 54. Rg3 Qf2 55. Bf3 Qf1+ 56. Bg2 Qe1 57. Bf3 Kf4 58. Bg2 g5 59.
Rf3+ Ke5 60. Rf5+ Kd4 61. Bf3 Ke3 62. Kg2 Qf2+ 63. Kh3 Qf1+ 64. Kg3 Qe1+ 65.
Kg2 Qf2+ 66. Kh3 Qf1+ 67. Kg3 Qe1+ 68. Kg2 Qf2+ 1/2-1/2

[Event "Mem. V. Mencikove"]
[Site "Prague"]
[Date "2016.09.18"]
[Round "6.8"]
[White "Jedlicka, Ales"]
[Black "Polasek, Jaroslav"]
[Result "0-1"]
[WhiteElo "2221"]
[BlackElo "2320"]
[PlyCount "108"]
[EventDate "2016.09.18"]
[EventType "swiss (rapid)"]
[EventRounds "9"]
[EventCountry "CZE"]

1. d4 e6 2. c4 f5 3. g3 Nf6 4. Bg2 Be7 5. Nf3 O-O 6. O-O Qe8 7. Nc3 d6 8. b3
Nbd7 9. Ba3 c6 10. Qc2 Qh5 11. Rad1 Rf7 12. e4 fxe4 13. Nxe4 Nxe4 14. Qxe4 d5
15. Qxe6 Bxa3 16. Qe8+ Bf8 17. Ne5 Nf6 18. Qxf7+ Qxf7 19. Nxf7 Kxf7 20. cxd5
Nxd5 21. Bxd5+ cxd5 22. Rc1 Bd6 23. f4 Bh3 24. Rfe1 h5 25. Kf2 Rf8 26. Re3 Re8
27. Rxe8 Kxe8 28. Ke3 Kd7 29. Rc2 Bf5 30. Re2 b5 31. Re1 Ba3 32. Rh1 Be4 33.
Rg1 Bf5 34. Rh1 Bh3 35. Kd3 a5 36. Re1 Bf5+ 37. Ke3 a4 38. bxa4 bxa4 39. Rh1
Bb2 40. h3 g6 41. g4 hxg4 42. hxg4 Bxg4 43. Rh7+ Kc6 44. Ra7 Bc1+ 45. Kd3 Bxf4
46. Rxa4 g5 47. Ra6+ Kb5 48. Ra8 Bf3 49. a4+ Kb4 50. a5 Be4+ 51. Ke2 Kb5 52. a6
Kb6 53. Kf2 Bd3 54. Rd8 Bc4 0-1

[Event "Mem. V. Mencikove"]
[Site "Prague"]
[Date "2016.09.18"]
[Round "6.9"]
[White "Eret, Matous"]
[Black "Trickov, Vasil"]
[Result "0-1"]
[WhiteElo "2162"]
[BlackElo "2300"]
[PlyCount "72"]
[EventDate "2016.09.18"]
[EventType "swiss (rapid)"]
[EventRounds "9"]
[EventCountry "CZE"]

1. e4 c5 2. Nc3 Nc6 3. f4 g6 4. Nf3 Bg7 5. Bb5 Nd4 6. a4 e6 7. O-O Ne7 8. Nxd4
cxd4 9. Ne2 a6 10. Bd3 O-O 11. b3 d6 12. Kh1 Nc6 13. Ba3 Re8 14. Qe1 f5 15. Qg3
Kh8 16. Ng1 e5 17. Rae1 fxe4 18. Bxe4 d5 19. Bxg6 hxg6 20. Qxg6 Re6 21. Qg3 e4
22. Nh3 Rf6 23. f5 Bxf5 24. Nf4 Bh7 25. Nh5 Rg6 26. Qh3 Qg5 27. Rf5 Qxg2+ 28.
Qxg2 Rxg2 29. Rf7 Rg5 30. Nf4 Rf5 31. Rxf5 Bxf5 32. Nxd5 e3 33. d3 Be5 34. Be7
Be6 35. Bf6+ Bxf6 36. Nxf6 Rf8 0-1

[Event "Mem. V. Mencikove"]
[Site "Prague"]
[Date "2016.09.18"]
[Round "7.1"]
[White "Michalik, Peter"]
[Black "Navara, David"]
[Result "0-1"]
[WhiteElo "2521"]
[BlackElo "2696"]
[PlyCount "88"]
[EventDate "2016.09.18"]
[EventType "swiss (rapid)"]
[EventRounds "9"]
[EventCountry "CZE"]

1. e4 c6 2. d4 d5 3. Nd2 dxe4 4. Nxe4 Bf5 5. Ng3 Bg6 6. h4 h6 7. Nf3 Nd7 8. h5
Bh7 9. Bd3 Bxd3 10. Qxd3 e6 11. Bd2 Ngf6 12. O-O-O Be7 13. Ne4 O-O 14. Kb1 Nxe4
15. Qxe4 Nf6 16. Qd3 Qd5 17. c4 Qe4 18. Qxe4 Nxe4 19. Be3 f5 20. Kc2 f4 21. Kd3
fxe3 22. Kxe4 exf2 23. Ke3 c5 24. d5 exd5 25. Rxd5 Bf6 26. Kxf2 Bxb2 27. Kg3 b6
28. a4 Rae8 29. Rb1 Bc3 30. Rd7 Rf7 31. Rbd1 Rxd7 32. Rxd7 Re4 33. Rxa7 Rxc4
34. Rb7 Rb4 35. Kf2 c4 36. Ke3 Bf6 37. Ra7 c3 38. Kd3 Rc4 39. Kc2 Rg4 40. Ne1
Re4 41. Nd3 Re2+ 42. Kb3 Rd2 43. Ne1 Rb2+ 44. Ka3 Re2 0-1

[Event "Mem. V. Mencikove"]
[Site "Prague"]
[Date "2016.09.18"]
[Round "7.2"]
[White "Movsesian, Sergei"]
[Black "Londyn, Radek"]
[Result "1-0"]
[WhiteElo "2674"]
[BlackElo "2381"]
[PlyCount "87"]
[EventDate "2016.09.18"]
[EventType "swiss (rapid)"]
[EventRounds "9"]
[EventCountry "CZE"]

1. e4 e5 2. Nf3 Nc6 3. Bb5 Nf6 4. d3 Bc5 5. Nbd2 Nd4 6. Nxd4 Bxd4 7. Nf3 c6 8.
Ba4 d6 9. Nxd4 exd4 10. O-O O-O 11. c3 dxc3 12. bxc3 d5 13. e5 Nd7 14. d4 f6
15. f4 Nb6 16. Bc2 Nc4 17. f5 fxe5 18. dxe5 Nxe5 19. Qh5 Rf6 20. Bg5 Nf7 21.
Bxf6 Qxf6 22. Rae1 Nd6 23. Re3 Bd7 24. Rfe1 Rf8 25. g4 h6 26. Qh3 Re8 27. Rxe8+
Nxe8 28. Qg3 Nd6 29. h4 Nf7 30. Kh2 b5 31. Rg1 Qd6 32. Qxd6 Nxd6 33. Kg3 Kf7
34. Kf4 a5 35. g5 hxg5+ 36. hxg5 b4 37. cxb4 axb4 38. Bd3 Nb7 39. Rb1 c5 40. a3
Bc6 41. axb4 c4 42. b5 Bd7 43. Bc2 d4 44. Be4 1-0

[Event "Mem. V. Mencikove"]
[Site "Prague"]
[Date "2016.09.18"]
[Round "7.3"]
[White "Pulpan, Jakub"]
[Black "Bernasek, Jan"]
[Result "0-1"]
[WhiteElo "2411"]
[BlackElo "2536"]
[PlyCount "42"]
[EventDate "2016.09.18"]
[EventType "swiss (rapid)"]
[EventRounds "9"]
[EventCountry "CZE"]

1. e4 c5 2. Nf3 e6 3. d4 cxd4 4. Nxd4 a6 5. c4 Nf6 6. Nc3 Bb4 7. Nc2 Bxc3+ 8.
bxc3 d6 9. Ba3 Nc6 10. f3 d5 11. cxd5 exd5 12. exd5 Nxd5 13. Bc4 Be6 14. Bxd5
Qxd5 15. Qxd5 Bxd5 16. O-O-O O-O-O 17. Kb2 Rhe8 18. Rhe1 Ne5 19. Ne3 Bc4 20.
Nf5 Nd3+ 21. Rxd3 Rxe1 0-1

[Event "Mem. V. Mencikove"]
[Site "Prague"]
[Date "2016.09.18"]
[Round "7.4"]
[White "Cernousek, Lukas"]
[Black "Polasek, Jaroslav"]
[Result "1-0"]
[WhiteElo "2494"]
[BlackElo "2320"]
[PlyCount "73"]
[EventDate "2016.09.18"]
[EventType "swiss (rapid)"]
[EventRounds "9"]
[EventCountry "CZE"]

1. d4 e6 2. c4 f5 3. Nc3 Nf6 4. g3 Be7 5. Bg2 O-O 6. Nf3 d6 7. O-O Qe8 8. Qd3
Nc6 9. e4 e5 10. dxe5 dxe5 11. exf5 Qh5 12. Nd5 Bxf5 13. Nxe7+ Nxe7 14. Qe3 e4
15. Nh4 Ng4 16. Qg5 Qxg5 17. Bxg5 Rae8 18. Rae1 Nc6 19. Nxf5 Rxf5 20. Bf4 Nf6
21. Bxc7 Nd4 22. b3 Nf3+ 23. Bxf3 exf3 24. Rxe8+ Nxe8 25. Bb8 Ra5 26. a4 Nf6
27. Re1 a6 28. Re3 Rf5 29. h3 h5 30. Re5 Rxe5 31. Bxe5 Nd7 32. Bd4 g5 33. g4
hxg4 34. hxg4 Kf7 35. Kh2 Nf8 36. Kg3 Ne6 37. Be3 1-0

[Event "Mem. V. Mencikove"]
[Site "Prague"]
[Date "2016.09.18"]
[Round "7.5"]
[White "Trickov, Vasil"]
[Black "Konopka, Michal"]
[Result "1/2-1/2"]
[WhiteElo "2300"]
[BlackElo "2422"]
[PlyCount "76"]
[EventDate "2016.09.18"]
[EventType "swiss (rapid)"]
[EventRounds "9"]
[EventCountry "CZE"]

1. d4 Nf6 2. Nf3 g6 3. c4 Bg7 4. g3 d5 5. Bg2 dxc4 6. Na3 Nc6 7. Nxc4 O-O 8.
O-O Be6 9. b3 a5 10. Nce5 Bd5 11. Bb2 a4 12. bxa4 Ra6 13. Bc3 Qa8 14. Nxc6 Rxc6
15. Bb4 Re8 16. a3 b6 17. Rc1 e6 18. Rxc6 Bxc6 19. Qc2 Bxa4 20. Qxc7 Nd5 21.
Qc1 Rc8 22. Qb1 Qa6 23. e3 Nxb4 24. axb4 Qb5 25. Ne5 Bxe5 26. dxe5 Qxe5 27. Rc1
Rc3 28. Qa1 Rxc1+ 29. Qxc1 Qd6 30. Qe1 h5 31. h4 Bb5 32. Bf1 Bxf1 33. Kxf1 Qd3+
34. Kg1 b5 35. Qc1 Qd5 36. Qc3 Kf8 37. Qc8+ Ke7 38. Qc7+ Kf6 1/2-1/2

[Event "Mem. V. Mencikove"]
[Site "Prague"]
[Date "2016.09.18"]
[Round "7.6"]
[White "Pribyl, Martin"]
[Black "Kourousis, Epaminondas"]
[Result "1/2-1/2"]
[WhiteElo "2266"]
[BlackElo "2458"]
[PlyCount "43"]
[EventDate "2016.09.18"]
[EventType "swiss (rapid)"]
[EventRounds "9"]
[EventCountry "CZE"]

1. d4 Nf6 2. c4 e6 3. Nc3 Bb4 4. e3 O-O 5. Bd3 d5 6. Nge2 b6 7. O-O Bb7 8. a3
Bd6 9. b4 c5 10. bxc5 bxc5 11. dxc5 Bxc5 12. Rb1 Bc6 13. cxd5 Nxd5 14. Be4 Nxc3
15. Nxc3 Bb6 16. Bb2 Bxe4 17. Nxe4 Qxd1 18. Rfxd1 Nc6 19. Rbc1 Rfd8 20. Rxd8+
Rxd8 21. Kf1 Ne7 22. Ke2 1/2-1/2

[Event "Mem. V. Mencikove"]
[Site "Prague"]
[Date "2016.09.18"]
[Round "7.7"]
[White "Richtrova, Eliska"]
[Black "Neuman, Petr"]
[Result "1-0"]
[WhiteElo "2224"]
[BlackElo "2408"]
[PlyCount "53"]
[EventDate "2016.09.18"]
[EventType "swiss (rapid)"]
[EventRounds "9"]
[EventCountry "CZE"]

1. c4 g6 2. Nc3 Bg7 3. g3 Nf6 4. Bg2 O-O 5. Nf3 c6 6. O-O d5 7. cxd5 cxd5 8. d4
Ne4 9. Bf4 Nxc3 10. bxc3 Nc6 11. Rc1 Na5 12. Nd2 b6 13. e4 Bb7 14. Qe2 e6 15.
h4 Rc8 16. h5 Qd7 17. exd5 Bxd5 18. Ne4 f6 19. hxg6 hxg6 20. Rfe1 g5 21. Bd2
Nc4 22. Qh5 Qf7 23. Qh3 Rfe8 24. Re2 Qg6 25. f3 Kf7 26. Qg4 e5 27. Qd7+ 1-0

[Event "Mem. V. Mencikove"]
[Site "Prague"]
[Date "2016.09.18"]
[Round "7.8"]
[White "Vlasak, Lukas"]
[Black "Eret, Jonas"]
[Result "1/2-1/2"]
[WhiteElo "2395"]
[BlackElo "2170"]
[PlyCount "92"]
[EventDate "2016.09.18"]
[EventType "swiss (rapid)"]
[EventRounds "9"]
[EventCountry "CZE"]

1. e4 e6 2. d4 d5 3. Nd2 Nf6 4. e5 Nfd7 5. Bd3 c5 6. c3 b6 7. Ne2 Ba6 8. Bxa6
Nxa6 9. O-O Be7 10. Nf3 Nc7 11. Qd3 a5 12. Nf4 g6 13. Be3 c4 14. Qd2 b5 15. b3
Nb6 16. Qe2 Qd7 17. Nd2 Qc6 18. bxc4 dxc4 19. f3 Ncd5 20. Nxd5 Nxd5 21. Ne4 b4
22. Rac1 Rc8 23. cxb4 axb4 24. Bg5 Bxg5 25. Rxc4 Qxc4 26. Nd6+ Kf8 27. Nxc4 Kg7
28. g3 Be7 29. Ne3 Nc3 30. Qd2 Rhd8 31. Ng4 g5 32. h4 Rxd4 33. Qe3 h6 34. hxg5
hxg5 35. Nf6 Kg6 36. Kg2 Rcc4 37. f4 Bxf6 38. exf6 Nd5 39. Qf3 Rc2+ 40. Kh3 Rc3
41. Qg4 Nxf4+ 42. Rxf4 Rxf4 43. Qe2 g4+ 44. Kh4 Rf5 45. Qxg4+ Kxf6 46. Qd4+ Kg6
1/2-1/2

[Event "Mem. V. Mencikove"]
[Site "Prague"]
[Date "2016.09.18"]
[Round "7.9"]
[White "Hausner, Ivan"]
[Black "Pribyl, Josef"]
[Result "1-0"]
[WhiteElo "2360"]
[BlackElo "2247"]
[PlyCount "89"]
[EventDate "2016.09.18"]
[EventType "swiss (rapid)"]
[EventRounds "9"]
[EventCountry "CZE"]

1. e4 c6 2. c4 d5 3. exd5 cxd5 4. d4 Nf6 5. Nc3 Nc6 6. Bg5 Be6 7. c5 Ne4 8. Be3
g6 9. Bd3 f5 10. Nge2 Bg7 11. f3 Nxc3 12. bxc3 Bf7 13. Qa4 O-O 14. Rb1 Rb8 15.
O-O e5 16. Bb5 Qc7 17. f4 exd4 18. cxd4 Rfe8 19. Bf2 a6 20. Bd3 Re7 21. Rb2
Rbe8 22. Rfb1 Na5 23. Nc3 Nc4 24. Bxc4 dxc4 25. g3 Rd8 26. Rxb7 Qxb7 27. Rxb7
Rxb7 28. Qa5 Ra8 29. c6 Re7 30. Nd5 Re2 31. c7 c3 32. Nxc3 Ree8 33. Nd5 Rac8
34. Qc5 Kh8 35. Nb6 Bf8 36. Qc3 Bd6 37. Nxc8 Rxc8 38. d5+ Kg8 39. Bb6 Kf8 40.
Qf6 Be7 41. Qe5 Bb4 42. d6 Re8 43. Qxe8+ Bxe8 44. c8=Q Bxd6 45. Bc5 1-0

[Event "Mem. V. Mencikove"]
[Site "Prague"]
[Date "2016.09.18"]
[Round "8.1"]
[White "Navara, David"]
[Black "Bernasek, Jan"]
[Result "1-0"]
[WhiteElo "2696"]
[BlackElo "2536"]
[PlyCount "79"]
[EventDate "2016.09.18"]
[EventType "swiss (rapid)"]
[EventRounds "9"]
[EventCountry "CZE"]

1. d4 Nf6 2. c4 e6 3. Nc3 Bb4 4. e3 O-O 5. Bd3 d5 6. cxd5 exd5 7. Nge2 Re8 8.
O-O Bd6 9. Bd2 c6 10. f3 c5 11. Nb5 Bf8 12. dxc5 Bxc5 13. Rc1 Bb6 14. Nbd4 Bd7
15. Qe1 Nc6 16. Qh4 Ne5 17. Bb1 Nc4 18. Bc3 Nxe3 19. Rfe1 Nf5 20. Bxf5 Bxf5 21.
Kh1 Bg6 22. Nf4 Qd7 23. g4 Rxe1+ 24. Rxe1 Re8 25. g5 Rxe1+ 26. Qxe1 Nh5 27.
Nxd5 Bc5 28. Qe5 h6 29. gxh6 Qh3 30. Ne3 Bxd4 31. Bxd4 Qxf3+ 32. Kg1 Be4 33.
hxg7 f6 34. Qe7 Qh1+ 35. Kf2 Nxg7 36. Qxf6 Qxh2+ 37. Ke1 Qg1+ 38. Kd2 Qh2+ 39.
Kc3 Qc7+ 40. Kb4 1-0

[Event "Mem. V. Mencikove"]
[Site "Prague"]
[Date "2016.09.18"]
[Round "8.2"]
[White "Cernousek, Lukas"]
[Black "Movsesian, Sergei"]
[Result "0-1"]
[WhiteElo "2494"]
[BlackElo "2674"]
[PlyCount "68"]
[EventDate "2016.09.18"]
[EventType "swiss (rapid)"]
[EventRounds "9"]
[EventCountry "CZE"]

1. d4 Nf6 2. c4 d6 3. Nf3 Nbd7 4. Nc3 e5 5. g3 c6 6. e4 g6 7. Bg2 Bg7 8. O-O
O-O 9. h3 a6 10. Qc2 b5 11. dxe5 dxe5 12. Rd1 Qe7 13. a3 Nb6 14. c5 Nc4 15. b3
Na5 16. b4 Nc4 17. a4 Be6 18. Nd2 a5 19. Nxc4 Bxc4 20. Ba3 Rfb8 21. axb5 Bxb5
22. Nxb5 Rxb5 23. Bf1 Rbb8 24. Qc3 Nxe4 25. Qe1 axb4 26. Qxe4 bxa3 27. Qxc6 Rc8
28. Qd6 Qxd6 29. cxd6 e4 30. d7 Rd8 31. Ra2 Bb2 32. Bc4 Kf8 33. Kf1 Rab8 34.
Ke2 Rb7 0-1

[Event "Mem. V. Mencikove"]
[Site "Prague"]
[Date "2016.09.18"]
[Round "8.3"]
[White "Trickov, Vasil"]
[Black "Michalik, Peter"]
[Result "0-1"]
[WhiteElo "2300"]
[BlackElo "2521"]
[PlyCount "66"]
[EventDate "2016.09.18"]
[EventType "swiss (rapid)"]
[EventRounds "9"]
[EventCountry "CZE"]

1. d4 Nf6 2. Nf3 e6 3. g3 d5 4. Bg2 Be7 5. c4 O-O 6. Qc2 c6 7. b3 b6 8. O-O a5
9. Rd1 Ba6 10. Ba3 Bxa3 11. Nxa3 Nbd7 12. Rac1 b5 13. Ne5 Nxe5 14. dxe5 Ng4 15.
cxd5 cxd5 16. e4 d4 17. Qb2 Nxe5 18. Rxd4 Qe7 19. f4 Ng4 20. Bf3 e5 21. Rd2 Ne3
22. Re1 exf4 23. gxf4 Nf5 24. Nc2 Nh4 25. Bh1 Rad8 26. Nd4 Qf6 27. Rf1 b4 28.
Rff2 Rd7 29. e5 Qb6 30. Bc6 Rc7 31. Be4 Rfc8 32. Ne2 Bxe2 33. Rdxe2 Rc1+ 0-1

[Event "Mem. V. Mencikove"]
[Site "Prague"]
[Date "2016.09.18"]
[Round "8.4"]
[White "Richtrova, Eliska"]
[Black "Hausner, Ivan"]
[Result "1/2-1/2"]
[WhiteElo "2224"]
[BlackElo "2360"]
[PlyCount "44"]
[EventDate "2016.09.18"]
[EventType "swiss (rapid)"]
[EventRounds "9"]
[EventCountry "CZE"]

1. c4 g6 2. Nc3 Bg7 3. d4 d6 4. g3 Nf6 5. Bg2 Nbd7 6. Nf3 O-O 7. O-O e5 8. e4
a6 9. h3 b5 10. Re1 bxc4 11. dxe5 Nxe5 12. Nxe5 dxe5 13. Bg5 Qxd1 14. Raxd1 Be6
15. Nd5 Bxd5 16. exd5 Rab8 17. Rd2 h6 18. Bxf6 Bxf6 19. Re4 Rb4 20. Rc2 Rfb8
21. Rexc4 Rxc4 22. Rxc4 Rxb2 1/2-1/2

[Event "Mem. V. Mencikove"]
[Site "Prague"]
[Date "2016.09.18"]
[Round "8.5"]
[White "Matras, Ondrej"]
[Black "Suran, Jan"]
[Result "1/2-1/2"]
[WhiteElo "2188"]
[BlackElo "2350"]
[PlyCount "121"]
[EventDate "2016.09.18"]
[EventType "swiss (rapid)"]
[EventRounds "9"]
[EventCountry "CZE"]

1. d4 Nf6 2. c4 g6 3. Nc3 Bg7 4. e4 O-O 5. f3 c6 6. Be3 d5 7. e5 Nfd7 8. f4
dxc4 9. Bxc4 Nb6 10. Bb3 Na6 11. Nf3 Nb4 12. a3 N4d5 13. Qd2 Be6 14. Nxd5 Bxd5
15. Bxd5 cxd5 16. b3 Qd7 17. Qd3 Rfc8 18. O-O Rc6 19. Rfc1 Rac8 20. Rc5 e6 21.
Rac1 Bf8 22. Rxc6 Rxc6 23. a4 Qc7 24. Rxc6 Qxc6 25. Bd2 Nc8 26. Qc3 Ne7 27.
Qxc6 Nxc6 28. Kf2 Be7 29. Ke2 f6 30. Kd3 fxe5 31. Nxe5 Bd6 32. g3 Bxe5 33. fxe5
Kg7 34. g4 h6 35. h3 g5 36. b4 a6 37. Bc3 Ne7 38. Be1 Nc8 39. Kc3 Nb6 40. Kb3
Nc4 41. b5 axb5 42. axb5 Kf7 43. Bb4 Ke8 44. Kc3 Ne3 45. Kd3 Ng2 46. Ke2 Nf4+
47. Kf3 Nxh3 48. Bd2 Kf7 49. Kg3 Nf4 50. Bxf4 gxf4+ 51. Kxf4 Kg6 52. b6 h5 53.
Kg3 Kg5 54. gxh5 Kxh5 55. Kh3 Kg5 56. Kg3 Kh5 57. Kh3 Kg5 58. Kg3 Kh5 59. Kh3
Kg5 60. Kg3 Kh5 61. Kh3 1/2-1/2

[Event "Mem. V. Mencikove"]
[Site "Prague"]
[Date "2016.09.18"]
[Round "8.6"]
[White "Vykouk, Jan"]
[Black "Kourousis, Epaminondas"]
[Result "1/2-1/2"]
[WhiteElo "2254"]
[BlackElo "2458"]
[PlyCount "58"]
[EventDate "2016.09.18"]
[EventType "swiss (rapid)"]
[EventRounds "9"]
[EventCountry "CZE"]

1. e4 c6 2. d4 d5 3. Nd2 dxe4 4. Nxe4 Nf6 5. Nxf6+ exf6 6. Nf3 Bd6 7. Be3 O-O
8. Qd2 Nd7 9. O-O-O Re8 10. Kb1 Nf8 11. Bd3 a5 12. Rdg1 f5 13. Bf4 Bxf4 14.
Qxf4 g6 15. h4 h5 16. Ng5 Ne6 17. Nxe6 Bxe6 18. Re1 Qd5 19. c4 Qd7 20. Rd1 Rad8
21. Be2 Bd5 22. Bxh5 Bxc4 23. Bf3 Qd6 24. Qh6 Be2 25. Rd2 Bxf3 26. gxf3 Qf8 27.
Qf4 Qd6 28. Qh6 Qf8 29. Qf4 Qd6 1/2-1/2

[Event "Mem. V. Mencikove"]
[Site "Prague"]
[Date "2016.09.18"]
[Round "8.8"]
[White "Eret, Jonas"]
[Black "Pulpan, Jakub"]
[Result "0-1"]
[WhiteElo "2170"]
[BlackElo "2411"]
[PlyCount "82"]
[EventDate "2016.09.18"]
[EventType "swiss (rapid)"]
[EventRounds "9"]
[EventCountry "CZE"]

1. d4 Nf6 2. Nf3 d5 3. Bf4 c5 4. e3 Nc6 5. c3 Qb6 6. b3 Bf5 7. Be2 e6 8. O-O h6
9. h3 Be7 10. a4 cxd4 11. exd4 O-O 12. b4 Rfc8 13. a5 Qd8 14. Nbd2 Bd6 15. Be3
Ne7 16. Qb3 Bh7 17. Ne5 Qc7 18. c4 Bxe5 19. dxe5 Qxe5 20. c5 Nf5 21. Nf3 Qc7
22. a6 Nxe3 23. axb7 Nxf1 24. bxa8=Q Rxa8 25. Bxf1 Ne4 26. Ra6 Bg6 27. Bd3 Rb8
28. Qa3 Rb7 29. Nd4 Qf4 30. Bxe4 Qxe4 31. c6 Rb8 32. c7 Rc8 33. Nb5 Qe1+ 34.
Kh2 Qxf2 35. Rxa7 Kh7 36. Nd6 Rf8 37. Ra5 Qb6 38. c8=Q Qxd6+ 39. Qg3 Qxg3+ 40.
Kxg3 Rxc8 41. Rc5 Rb8 0-1

[Event "Mem. V. Mencikove"]
[Site "Prague"]
[Date "2016.09.18"]
[Round "8.9"]
[White "Kovar, Josef"]
[Black "Vlasak, Lukas"]
[Result "0-1"]
[WhiteElo "2161"]
[BlackElo "2395"]
[PlyCount "130"]
[EventDate "2016.09.18"]
[EventType "swiss (rapid)"]
[EventRounds "9"]
[EventCountry "CZE"]

1. b3 Nf6 2. Bb2 d5 3. Nf3 e6 4. c4 Be7 5. g3 O-O 6. Bg2 c5 7. cxd5 exd5 8. O-O
d4 9. e3 Nc6 10. Na3 Bf5 11. Nc4 Rc8 12. Nfe5 Nxe5 13. Nxe5 dxe3 14. dxe3 Qc7
15. Qe2 Rfd8 16. Rfd1 Be6 17. h3 a6 18. g4 Nd5 19. f4 f6 20. Nf3 Bf7 21. Rac1
b5 22. Nd4 Bf8 23. Kh1 Qb6 24. Nf5 c4 25. Bd4 Qa5 26. bxc4 bxc4 27. g5 Nxf4 28.
exf4 Qxf5 29. gxf6 Bh5 30. Qf2 Bxd1 31. Rxd1 c3 32. Rc1 c2 33. fxg7 Bxg7 34.
Bxg7 Rd1+ 35. Kh2 Rxc1 36. Qg3 Rh1+ 37. Bxh1 c1=Q 38. Bb2+ Qg6 39. Bd5+ Kf8 40.
Bxc1 Qxg3+ 41. Kxg3 Rxc1 42. Kg4 Rc5 43. Bb3 Kg7 44. f5 Kf6 45. Be6 a5 46. Kh5
a4 47. h4 Kg7 48. Kg5 a3 49. h5 h6+ 50. Kf4 Kf6 51. Ke4 Rc2 52. Kd3 Rh2 53. Kc4
Rxh5 54. Kb4 Rh3 55. Bb3 Kxf5 56. Kxa3 Ke5 57. Kb4 Kd6 58. Kb5 Kc7 59. Be6 Re3
60. Bf7 h5 61. Kc4 h4 62. Bd5 h3 63. Kd4 Re1 64. a4 h2 65. a5 Rd1+ 0-1

[Event "Mem. V. Mencikove"]
[Site "Prague"]
[Date "2016.09.18"]
[Round "9.1"]
[White "Vlasak, Lukas"]
[Black "Navara, David"]
[Result "0-1"]
[WhiteElo "2395"]
[BlackElo "2696"]
[PlyCount "47"]
[EventDate "2016.09.18"]
[EventType "swiss (rapid)"]
[EventRounds "9"]
[EventCountry "CZE"]

1. e4 c5 2. Nf3 d6 3. Bb5+ Nd7 4. O-O a6 5. Bd3 Ngf6 6. Re1 e6 7. c3 b5 8. Bc2
Bb7 9. d4 Qc7 10. d5 exd5 11. exd5+ Be7 12. Bg5 h6 13. Bh4 g5 14. Bg3 Nb6 15.
Nbd2 Nfxd5 16. Ne5 h5 17. Qf3 Nf4 18. Be4 Bxe4 19. Nxe4 dxe5 20. Nxg5 Bxg5 21.
Bxf4 Bxf4 22. Qxf4 O-O-O 23. Rxe5 Nd7 24. Rd5 0-1

[Event "Mem. V. Mencikove"]
[Site "Prague"]
[Date "2016.09.18"]
[Round "9.2"]
[White "Movsesian, Sergei"]
[Black "Michalik, Peter"]
[Result "1-0"]
[WhiteElo "2674"]
[BlackElo "2521"]
[PlyCount "51"]
[EventDate "2016.09.18"]
[EventType "swiss (rapid)"]
[EventRounds "9"]
[EventCountry "CZE"]

1. Nf3 d5 2. g3 Bg4 3. Bg2 Nd7 4. O-O e6 5. d3 Ngf6 6. c4 c6 7. cxd5 cxd5 8.
Nc3 Be7 9. Qb3 Qb6 10. Qxb6 Nxb6 11. Nb5 O-O 12. Be3 Bxf3 13. Bxf3 Na4 14. b3
Nc5 15. Rfc1 Rfc8 16. b4 Na4 17. Nc7 Bxb4 18. Nxa8 Rxa8 19. Rc7 b6 20. Rac1 Nc5
21. d4 Ncd7 22. Rb7 Bd6 23. Bf4 Bxf4 24. gxf4 a5 25. Rcc7 Rd8 26. e3 1-0

[Event "Mem. V. Mencikove"]
[Site "Prague"]
[Date "2016.09.18"]
[Round "9.3"]
[White "Bernasek, Jan"]
[Black "Polasek, Jaroslav"]
[Result "1-0"]
[WhiteElo "2536"]
[BlackElo "2320"]
[PlyCount "75"]
[EventDate "2016.09.18"]
[EventType "swiss (rapid)"]
[EventRounds "9"]
[EventCountry "CZE"]

1. d4 e6 2. c4 f5 3. g3 Nf6 4. Bg2 Be7 5. Nh3 d6 6. Nc3 e5 7. O-O O-O 8. b3 Qe8
9. Bb2 c6 10. Qd2 Qh5 11. f3 f4 12. Nf2 fxg3 13. hxg3 Qg6 14. dxe5 dxe5 15.
Nce4 Nbd7 16. Rad1 Nh5 17. Ng4 Rf5 18. e3 Nhf6 19. Nexf6+ Nxf6 20. Nxf6+ Bxf6
21. g4 Rg5 22. Qd6 Bf5 23. Rf2 Bc2 24. Rdd2 Bb1 25. Qe6+ Kh8 26. Bc3 h5 27. Bf1
hxg4 28. Rh2+ Rh5 29. Rxh5+ Qxh5 30. Rh2 Qxh2+ 31. Kxh2 gxf3 32. Qh3+ Kg8 33.
Qxf3 e4 34. Qd1 Bxc3 35. Qxb1 Rf8 36. Bg2 Be5+ 37. Kg1 Re8 38. Qxe4 1-0